000 00314nam a22001337a 4500
008 170526b xxu||||| |||| 00| 0 eng d
020 _a9780130272645
041 _aeng
080 _24TH
_a621(075.8)
100 _a27
101 _aIM
245 _aSTATICS AND STRENGTH OF MATERIALS
_cMORROW,H.W
942 _2udc
_cBK
999 _c14460
_d14460